| 000 | 00366pam a2200133a 44500 | ||
|---|---|---|---|
| 008 | 230405s2004 xxu||||| |||| 00| 0 eng d | ||
| 041 | _aENG | ||
| 100 | _aRICHARD B SILVERMAN | ||
| 245 | _aTHE ORGANIC CHEMISTRY OF DRUG DESIGN AND DRUG ACTION | ||
| 250 | _a2 | ||
| 260 |
_aNEW YORK _bMARCEL DEKKER INC PUBLICATIONS NEW YORK _c2004 |
||
| 300 | _a617 | ||
| 906 | _a3163 | ||
| 999 |
_c278434 _d278434 |
||